000 00300nam a2200121Ia 4500
008 190216s9999||||xx |||||||||||||| ||und||
100 _aAhmed Moulavi. C.;n
245 0 _aIslam Oru Samagra Padanam
260 _bAl-Huda Book Stall
_c1997
300 _a486p
650 _aIslamic History
942 _cREF
999 _c35122
_d35122